|
|
|
|
| LEADER |
00000nam0a2200000 4500 |
| 001 |
262837 |
| 005 |
20231101233705.0 |
| 035 |
|
|
|a (RuTPU)RU\TPU\book\285820
|
| 090 |
|
|
|a 262837
|
| 100 |
|
|
|a 20140604d1934 m y0rusy50 ca
|
| 101 |
0 |
|
|a rus
|
| 102 |
|
|
|a RU
|
| 105 |
|
|
|a a j 000zy
|
| 200 |
1 |
|
|a Введение в теплопередачу
|e конспект лекций, читанных в 1932 году на ВТФ ВВА профессором Уваровым В. В.
|f Военная воздушная академия РККА ; сост. В. В. Уваров
|
| 210 |
|
|
|a Москва
|c Изд-во ВА им. Н.Е. Жуковского
|d 1934
|
| 215 |
|
|
|a 142 с.
|c ил.
|
| 606 |
1 |
|
|a Теплопередача
|x Физика
|2 stltpush
|3 (RuTPU)RU\TPU\subj\59784
|9 77283
|
| 610 |
1 |
|
|a тепло
|
| 610 |
1 |
|
|a излучение
|
| 610 |
1 |
|
|a закон Кирхгофа
|
| 610 |
1 |
|
|a закон Планка
|
| 610 |
1 |
|
|a теплопроводность
|
| 610 |
1 |
|
|a законы
|
| 610 |
1 |
|
|a тепловое состояние
|
| 610 |
1 |
|
|a теплоотдача
|
| 675 |
|
|
|a 536.24
|v 3
|
| 702 |
|
1 |
|a Уваров
|b В. В.
|4 220
|
| 712 |
0 |
2 |
|a Военная воздушная академия РККА
|c (Москва)
|c (1925-1940)
|2 stltpush
|3 (RuTPU)RU\TPU\col\15206
|9 26094
|
| 801 |
|
1 |
|a RU
|b 63413507
|c 20140604
|
| 801 |
|
2 |
|a RU
|b 63413507
|c 20140911
|g RCR
|
| 942 |
|
|
|c BK
|